| 000 | 00732nam a2200193Ia 4500 | ||
|---|---|---|---|
| 008 | 0000001981 sp a 0000000000spa00 | ||
| 090 | _aPSP00 S67s | ||
| 100 | 1 |
_aSoto Mesa, Francisco _d1946 |
|
| 245 | 1 | 0 |
_aSoto Mesa _b: encender la pintura, encender la ciudad |
| 300 |
_a[20] p. _c/ 24 cm. |
||
| 500 | _aExposición realizada en Galería Egam, Madrid, Febrero, 1981 \ Con el patronazgo del maestro venezolano Jesús Rafael Soto (q.e.p.d.) | ||
| 600 | 0 | 0 |
_aSOTO MESA, FRANCISCO, 1946/ _xTRABAJOS PICTORICOS |
| 650 | 1 | 4 | _aARTE CONTEMPORANEO ESPAÑOL |
| 650 | 1 | 4 | _xCATALOGOS |
| 650 | 1 | 4 | _xEXPOSICIONES |
| 650 | 1 | 4 | _aPINTORES ESPAÑOLES |
| 650 | 1 | 4 | _aPINTURA ESPAÑOLA |
| 999 |
_c7305 _d7305 |
||
| 260 |
_aMadrid : Galería Egam _c1981 |
||